| 000 | 00000nam 2200000za 4500 |
| 001 | 9.840819 |
| 003 | CaOODSP |
| 005 | 20221107151933 |
| 007 | cr ||||||||||| |
| 008 | 170801s1998 onc |o||||f|0| 0|eng d |
| 040 | |aCaOODSP|beng |
| 041 | |aeng|afre |
| 043 | |an-cn--- |
| 086 | 1 |aCS11-617/98-7-PDF |
| 100 | 1 |aFaber, G. B. |
| 245 | 10|aOverview and strategy for version 1.2 of the Generalized Sampling System |h[electronic resource] = |bAperçu de la version 1.2 du Système généralisé d'échantillonnage et stratégie employée / |cG. B. Faber, N. Laniel and D. M. Yeo. |
| 246 | 11|aAperçu de la version 1.2 du Système généralisé d'échantillonnage et stratégie employée |
| 260 | |a[Ottawa] : |bStatistics Canada, |c1998. |
| 300 | |a13, 14 p. |
| 490 | 1 |aWorking paper ; |v98-7 |
| 500 | |aDigitized edition from print [produced by Statistics Canada]. |
| 500 | |a"Working Paper No. BSMD-98-007E/F." |
| 500 | |a"June 1998." |
| 504 | |aIncludes bibliographic references. |
| 546 | |aFrench text follows the English text. |
| 692 | 07|2gccst|aMethodology |
| 692 | 07|2gccst|aStatistical analysis |
| 700 | 1 |aLaniel, N. |
| 700 | 1 |aYeo, D. M. |
| 710 | 1 |aCanada. |bStatistics Canada. |bMethodology Branch. |
| 792 | |tOverview and strategy for version 1.2 of the Generalized Sampling System |efre|w(CaOODSP)9.840821 |
| 830 | #0|aWorking paper (Statistics Canada. Methodology Branch)|v98-7|w(CaOODSP)9.834763 |
| 856 | 40|qPDF|s3.14 MB|uhttps://publications.gc.ca/collections/collection_2017/statcan/11-613/CS11-617-98-7.pdf |
| 986 | |a11-617E/F no. 98-07 |